Review and evaluation of factors that affect the frequency of red-light-running /

Bibliographic Details
Main Author: Bonneson, James A.
Corporate Authors: Texas. Department of Transportation, United States. Federal Highway Administration, Texas Transportation Institute
Other Authors: Brewer, Marcus, Zimmerman, Karl
Format: Government Document Book
Language:English
Published: College Station, Tex. : Springfield, Va. : Texas Transportation Institute, the Texas A&M University System ; Available through the National Technical Information Service, [2001]
Series:Research report (Austin, Tex.) ; 4027-1.
Subjects:

MARC

Tag First Indicator Second Indicator Subfields
LEADER 00000cam a2200000Ia 4500
001 in00001730786
005 20151025050255.0
008 020130s2001 txua bt s000 0 eng d
035 |a (OCoLC)ocm48898271 
040 |a IKM  |c IKM  |d TXA  |d UtOrBLW 
049 |a TXAM 
086 |a T1311.7 R311 NO.4027-1  |2 txdocs 
090 |a HE203  |b .T43 no.4027-1 
100 1 |a Bonneson, James A. 
245 1 0 |a Review and evaluation of factors that affect the frequency of red-light-running /  |c by James Bonneson, Marcus Brewer, and Karl Zimmerman ; sponsored by the Texas Department of Transportation in cooperation with the U.S. Department of Transportation Federal Highway Administration. 
246 3 |a Review and evaluation of factors that affect the frequency of red light running 
264 1 |a College Station, Tex. :  |b Texas Transportation Institute, the Texas A&M University System ;  |a Springfield, Va. :  |b Available through the National Technical Information Service,  |c [2001] 
300 |a 1 volume (various pagings) :  |b illustrations ;  |c 28 cm. 
336 |a text  |b txt  |2 rdacontent 
337 |a unmediated  |b n  |2 rdamedia 
338 |a volume  |b nc  |2 rdacarrier 
490 1 |a Report ;  |v 4027-1 
500 |a "September 2001." 
500 |a "Project number 0-4027." 
500 |a "Research project title: Signalization countermeasures to reduce red-light-running." 
504 |a Includes bibliographical references. 
650 0 |a Roads  |z Texas  |x Interchanges and intersections. 
650 0 |a Traffic signs and signals  |z Texas. 
650 0 |a Traffic accidents  |x Research  |z Texas. 
700 1 |a Brewer, Marcus. 
700 1 |a Zimmerman, Karl. 
710 1 |a Texas.  |b Department of Transportation. 
710 1 |a United States.  |b Federal Highway Administration. 
710 2 |a Texas Transportation Institute. 
830 0 |a Research report (Austin, Tex.) ;  |v 4027-1. 
994 |a E0  |b TXA 
948 |a cataloged  |b h  |c 2003/4/4  |d c  |e blrosas  |f 10:55:56 am 
999 |a MARS 
999 f f |s c64bab2f-a9d3-3800-ae6f-6157b7fff8a0  |i e92ac556-3c79-3828-b719-60397ca7b8ec  |t 0 
952 f f |p ric  |a Texas A&M University  |b Rellis Campus  |c Joint Library Facility  |s JLF  |d Remote Storage  |t 0  |e HE203 .T43 no.4027-1  |h Library of Congress classification  |i unmediated -- volume  |m A14829969082 
998 f f |a HE203 .T43 no.4027-1  |t 0  |l Remote Storage